Statystyki dla Przedstawiciele oświecenia (wybrani)

Kliknij tutaj aby rozwiązać quiz!

Ogólne statystyki

  • Ten quiz został rozwiązany 17 razy
  • Średni wynik to 3 z 17

Statystyki odpowiedzi

HintOdpowiedź% Poprawnych
Król PolskiStanisław August Poniatowski
73%
BajkopisarzIgnacy Krasicki
64%
FilozofMonteskiusz
27%
PoetaFranciszek Karpiński
18%
FilozofJean-Jacques Rousseau
18%
Inna nazwa oświeceniawiek rozumu
18%
FilozofAdam Smith
9%
Poeta, komediopisarzFranciszek Zabłocki
9%
FilozofImmanuel Kant
9%
FilozofJohn Locke
9%
FilozofVoltaire
9%
Inna nazwa oświeceniawiek filozofów
9%
PisarzDaniel Defoe
0%
FilozofEdward Burke
0%
MalarzFilozof
0%
Pisarz, politykHugo Kołłątaj
0%
Pisarz, filozofStanisław Staszic
0%

Rozkład punktacji

Percentyl według liczby udzielonych odpowiedzi

Procent ludzi z każdym wynikiem

Twoja historia wyników

Nie rozwiązałeś tego quizu